Sports Quiz

Random Sports or Cricket Quiz

Test Match Run Scorers Quiz Stats

 Plays Quiz Updated Dec 10, 2018

Support Sporcle.
Go Orange.
Score 0/24 Timer 05:00
0 Plays Today
Runs Player % Correct
15,921Sachin Tendulkar
95.3%
13,378Ricky Ponting
93.6%
11,953Brian Lara
91.7%
12,472Alastair Cook
88.3%
9,265Graeme Smith
82.7%
13,289Jacques Kallis
81.9%
13,288Rahul Dravid
81%
10,927Steve Waugh
75%
8,625Matthew Hayden
70.5%
8,617Joe Root
67.7%
8,900Graham Gooch
67.1%
10,099Younis Khan
65.7%
Runs Player % Correct
11,867Shivnarine Chanderpaul
65.2%
11,814Mahela Jayawardene
64.5%
11,174Allan Border
62.3%
8,643Michael Clarke
61.7%
8,830Inzamam-ul-Haq
61.6%
10,122Sunil Gavaskar
60.3%
8,586Virender Sehwag
59.6%
12,400Kumar Sangakkara
59.2%
8,781Vangipurappu Laxman
58.7%
9,282Hashim Amla
56.6%
8,765A.B. de Villiers
51.7%
8,832Javed Miandad
37.5%

From the Vault

Actors' Movies by Topic II

by Larryholmes79

Movies 8m
Now if only Hollywood gave us a film that combined all these movie topics into one.
Remove Ads.
Support Sporcle.
Get the best of Sporcle when you Go Orange. This ad-free experience offers more features, more stats, and more fun while also helping to support Sporcle. Thank you for becoming a member.

Show Comments

Extras

Top Quizzes Today


Score Distribution

Your Account Isn't Verified!

In order to create a playlist on Sporcle, you need to verify the email address you used during registration. Go to your Sporcle Settings to finish the process.

Report this User

Report this user for behavior that violates our Community Guidelines.

Details: